000 01091nam a22002777a 4500
003 OSt
005 20250801132245.0
008 250716b |||||||| |||| 00| 0 eng d
020 _a9783031199332 (Paperback)
_cUSD 85.00
040 _aNUST
_beng
_cNUST
_dNUST
_erda
050 _a QC174.7 LIS
100 _aLuca Lista
_eAuthor
245 _aStatistical methods for data analysis :
_bwith applications in particle physics /
_cLuca Lista.
250 _aThird edition.
260 _aSwitzerland:
_bSpringer,
_c©2023,.
300 _axxx, 334 pages :
_bIllustrations ;
_c25 cm.
336 _2rdamedia
_atext
_btxt
337 _2rdamedia
_aunmediated
_bn
338 _2rdamedia
_avolume
_bnc
504 _aIncludes bibliographical references and index.
650 _vCOMPUTERS Artificial Intelligence General.
650 _vCOMPUTERS Database Administration and Management.
650 _vMATHEMATICS Probability and Statistics General.
650 _vComputer science, information and general works .
942 _2lcc
_cBOOKS
_eThird edition.
_hQC174.7 LIS
_kQC
_mLIS
_n0
999 _c172258
_d172258